|
|
|
|
| LEADER |
00000nam0a2200000 4500 |
| 001 |
168753 |
| 005 |
20231031163214.0 |
| 035 |
|
|
|a (RuTPU)RU\TPU\book\183071
|
| 090 |
|
|
|a 168753
|
| 100 |
|
|
|a 20091102d1939 m y0rusy50 ca
|
| 101 |
0 |
|
|a rus
|
| 102 |
|
|
|a RU
|
| 105 |
|
|
|a a j 000zy
|
| 200 |
1 |
|
|a Очерки по языковедению и русскому языку
|e [учебное пособие]
|f В. А. Богородицкий
|
| 205 |
|
|
|a 4-е изд., перераб.
|
| 210 |
|
|
|a Москва
|c Учпедгиз
|d 1939
|
| 215 |
|
|
|a 223 с.
|c ил.
|
| 610 |
1 |
|
|a учебные пособия
|
| 610 |
1 |
|
|a языковедение
|
| 610 |
1 |
|
|a русский язык
|
| 610 |
1 |
|
|a фонетика
|
| 610 |
1 |
|
|a правописание
|
| 610 |
1 |
|
|a письменность
|
| 610 |
1 |
|
|a история
|
| 610 |
1 |
|
|a морфология
|
| 686 |
|
|
|a Ш100я7
|v LBC/SL-A
|2 rubbk
|
| 686 |
|
|
|a Ш141.2я7
|v LBC/SL-A
|2 rubbk
|
| 700 |
|
1 |
|a Богородицкий
|b В. А.
|
| 801 |
|
1 |
|a RU
|b 63413507
|c 20091102
|
| 801 |
|
2 |
|a RU
|b 63413507
|c 20100315
|g RCR
|
| 942 |
|
|
|c BK
|